000 00739nam a2200193 i 4500
001 70251
003 ES-MaACL
005 20230906170751.0
007 t|
008 040721s1962 sp ||||1| spa d
100 1 _aGarcía Rámila, Ismael.
_955150
245 1 3 _aUn glorioso rincón de Castilla la Vieja
_b: la tradición histórica y artística como formativa patriótica y espiritual del alma de Briviesca, la Bureba y sus pueblos /
_cpor Ismael García Rámila.
260 _aBurgos :
_b[s.n.,
_c1962] (
_fImp. Provincial)
300 _a164 p., 9 lám. ;
_c20 cm.
490 1 _aInstitución Fernán-González
830 0 _aInstitución Fernán-González
_9183294
852 _aES-MaACL
_jC-23397
_bR.51934
999 _c70251
_d70251